000
00260nam a2200097Ia 4500
001
798094
005
20250826170820.0
008
250824s9999 xx 000 0 und d
245
0
_a
ABDÜLHAMİD İN KURTLARLA DANSI 3
_c
MUSTAFA ARMAĞAN
260
_b
KETEBE YAYINLARI
999
_c
798094
_d
798094